000 00463cam a2200157 4500500
005 20251012032640.0
041 _afre
042 _adc
100 1 0 _aZorrilla, José
_eauthor
700 1 0 _a Sesé, Bernard
_eauthor
245 0 0 _aDon Juan Tenorio (extrait)
260 _c2009.
500 _a31
786 0 _nSigila | 24 | 2 | 2009-12-20 | p. 67-68 | 1286-1715
856 4 1 _uhttps://shs.cairn.info/revue-sigila-2009-2-page-67?lang=fr&redirect-ssocas=7080
999 _c1547948
_d1547948